000 00216nam a2200085Ia 4500
008 120527s9999 xx 000 0 und d
100 _aWhitley, k.b
245 _aPrinciples of research in Behaviour science
942 _cBK
999 _c27435
_d27435